Formula 1 Drivers by Nickname - Statistics

General Stats
  • This quiz has been taken 5,293 times
  • The average score is 7 of 15
Answer Stats
Nickname Driver % Correct
The Honey Badger Daniel Ricciardo
91%
Schumi Michael Schumacher
90%
The Iceman Kimi Räikkönen
87%
The Flying Finn Mika Häkkinen
71%
Chilli Carlos Sainz Jr.
68%
Britney Nico Rosberg
64%
Hunt the Shunt James Hunt
61%
Le Professeur Alain Prost
57%
Mr. Saturday George Russell
46%
Black Jack Jack Brabham
24%
Mr. Monaco Graham Hill
23%
The Gentlemen of Turin Giuseppe Farina
12%
Il Leone Nigel Mansell
11%
Johnny Carwash Giovanni Lavaggi
4%
Le Papillon Mike Hawthorn
3%
No matching quizzes found
Score Distribution
Percent of People with Each Score
Percentile by Number Answered
Your Score History
You have not taken this quiz